[Event "Rio Clao IRT Interior op"]
[Site "Rio Claro"]
[Date "2012.11.02"]
[Round "2"]
[White "Ruy, William"]
[Black "Cardozo, Matheus Santos"]
[Result "1/2-1/2"]
[WhiteElo "1800"]
[BlackElo "1767"]
[PlyCount "53"]
[EventDate "2012.11.02"]
[EventType "swiss"]
[EventRounds "6"]
[EventCountry "BRA"]
[SourceTitle "CBM 151 Extra"]
[Source "ChessBase"]
[SourceDate "2012.12.18"]
[SourceVersion "1"]
[SourceVersionDate "2012.12.18"]
[SourceQuality "1"]

1. d4 Nf6 2. Nf3 g6 3. c4 Bg7 4. e3 0-0 5. Be2 d5 6. 0-0 Nc6 7. Nc3 e6 8. b3 b6 9. Bb2 Bb7 10. Rc1 Na5 11. cxd5 Nxd5 12. Nxd5 Bxd5 13. Nd2 c5 14. Ba3 Rc8 15. dxc5 bxc5 16. Bxc5 Bxg2 17. Bxf8 Bxf1 18. Be7 Rxc1 19. Qxc1 Qxe7 20. Qc8+ Bf8 21. Bxf1 Qg5+ 22. Bg2 Qe5 23. a4 Kg7 24. Qc2 Bd6 25. Nf3 Qa1+ 26. Bf1 Qf6 27. Qd3 1/2-1/2

[Event "Rio Clao IRT Interior op"]
[Site "Rio Claro"]
[Date "2012.11.02"]
[Round "1"]
[White "Silva, Alexandre Freitas"]
[Black "Ruy, William"]
[Result "1-0"]
[WhiteElo "1896"]
[BlackElo "1800"]
[PlyCount "81"]
[EventDate "2012.11.02"]
[EventType "swiss"]
[EventRounds "6"]
[EventCountry "BRA"]
[SourceTitle "CBM 151 Extra"]
[Source "ChessBase"]
[SourceDate "2012.12.18"]
[SourceVersion "1"]
[SourceVersionDate "2012.12.18"]
[SourceQuality "1"]

1. e4 c5 2. Nf3 e6 3. Nc3 a6 4. d4 cxd4 5. Nxd4 Qc7 6. Be3 Nf6 7. Qd2 Be7 8. Be2 b5 9. a3 Bb7 10. f3 d5 11. exd5 Nxd5 12. Nxd5 Bxd5 13. 0-0 Nd7 14. Kh1 0-0 15. b3 Bb7 16. c4 bxc4 17. Bxc4 Rfd8 18. Rfc1 Qd6 19. Qe2 Nb6 20. Nf5 exf5 21. Bxb6 Re8 22. Qf2 Rac8 23. Rd1 Qe5 24. Re1 Qd6 25. a4 Qb4 26. a5 Bf6 27. Rad1 Bc3 28. Re2 Rxe2 29. Qxe2 Bc6 30. Qd3 Re8 31. Qxf5 Bf6 32. Bf2 Bb5 33. Bxb5 axb5 34. Qd7 Ra8 35. a6 Qa5 36. Re1 h6 37. Re8+ Rxe8 38. Qxe8+ Kh7 39. a7 Qa1+ 40. Bg1 Bh4 41. Qe4+ 1-0